राजस्थान का इतिहास / (Record no. 120469)
[ view plain ]
| 000 -LEADER | |
|---|---|
| fixed length control field | 01132nam a22002657a 4500 |
| 005 - DATE AND TIME OF LATEST TRANSACTION | |
| control field | 20170124103158.0 |
| 010 ## - LIBRARY OF CONGRESS CONTROL NUMBER | |
| LC control number | A-933208 |
| 020 ## - INTERNATIONAL STANDARD BOOK NUMBER | |
| Terms of availability | 400.00 |
| 035 ## - SYSTEM CONTROL NUMBER | |
| System control number | A-933208 |
| 037 ## - SOURCE OF ACQUISITION | |
| Source of stock number/acquisition | Cen Lib/Ret |
| 040 ## - CATALOGING SOURCE | |
| Original cataloging agency | DPL |
| Language of cataloging | HN |
| 082 ## - DEWEY DECIMAL CLASSIFICATION NUMBER | |
| Classification number | 954.42 |
| Item number | दिवाक |
| 100 ## - MAIN ENTRY--PERSONAL NAME | |
| Personal name | दिवाकर, बी.एस. |
| 9 (RLIN) | 90582 |
| 245 ## - TITLE STATEMENT | |
| Title | राजस्थान का इतिहास / |
| Statement of responsibility, etc | बी.एस. दिवाकर |
| 246 ## - VARYING FORM OF TITLE | |
| Title proper/short title | Rajasthan ka itihas / |
| Remainder of title | by B.S. Diwakar |
| 260 ## - PUBLICATION, DISTRIBUTION, ETC. (IMPRINT) | |
| Place of publication, distribution, etc | जयपुर |
| Name of publisher, distributor, etc | साहित्यागार |
| Date of publication, distribution, etc | 1998 |
| 270 ## - ADDRESS | |
| Address | चौड़ा रास्ता |
| City | जयपुर |
| Postal code | 302003 |
| 300 ## - PHYSICAL DESCRIPTION | |
| Extent | 394पृ. |
| Dimensions | 21सेमी (सजिल्द) |
| 500 ## - GENERAL NOTE | |
| General note | सन्दर्भ सूची शामिल |
| 650 ## - SUBJECT ADDED ENTRY--TOPICAL TERM | |
| Topical term or geographic name as entry element | इतिहास -- राजस्थान -- भारत |
| 9 (RLIN) | 1283 |
| 650 ## - SUBJECT ADDED ENTRY--TOPICAL TERM | |
| Topical term or geographic name as entry element | राजपूतों की उत्पत्ति -- राजस्थान |
| 9 (RLIN) | 90583 |
| 650 ## - SUBJECT ADDED ENTRY--TOPICAL TERM | |
| Topical term or geographic name as entry element | History -- Rajasthan -- India |
| 9 (RLIN) | 90584 |
| 650 ## - SUBJECT ADDED ENTRY--TOPICAL TERM | |
| Topical term or geographic name as entry element | Origin of the Rajputs - Rajasthan |
| 9 (RLIN) | 90585 |
| 942 ## - ADDED ENTRY ELEMENTS (KOHA) | |
| Source of classification or shelving scheme | Dewey Decimal Classification |
| Koha item type | Hindi Books |
| Classification part | 954.42 |
| Call number suffix | दिवाक |
| Withdrawn status | Lost status | Damaged status | Not for loan | Home library | Current library | Date acquired | Source of acquisition | Cost, normal purchase price | Total Checkouts | Full call number | Barcode | Date last seen | Copy number | Cost, replacement price | Price effective from | Koha item type | Public note |
|---|---|---|---|---|---|---|---|---|---|---|---|---|---|---|---|---|---|
| Written off | Central Library | Central Library | 23/09/2015 | Cen Lib/Ret | 400.00 | 954.42 दिवाक | A-933208 | 23/09/2015 | 1 | 400.00 | 23/09/2015 | Hindi Books | W/d List no-9003/4 |
